University Home | Library Home | Institutional Repository

The place of physiological sciences in medicine : (Record no. 52180)

MARC details
000 -LEADER
fixed length control field 00996cam6a220021700 4500
001 - CONTROL NUMBER
control field tmp15712028
003 - CONTROL NUMBER IDENTIFIER
control field UPRA
005 - DATE AND TIME OF LATEST TRANSACTION
control field 20190814122417.0
008 - FIXED-LENGTH DATA ELEMENTS--GENERAL INFORMATION
fixed length control field 951010s1971 nr eng u
035 ## - SYSTEM CONTROL NUMBER
System control number (Sirsi) r17170
035 ## - SYSTEM CONTROL NUMBER
System control number (UPRA)tmp15712028
040 ## - CATALOGING SOURCE
Transcribing agency UPRA
100 1# - MAIN ENTRY--PERSONAL NAME
Personal name Dosekun, F. O.
Linkage A75049.1
245 14 - TITLE STATEMENT
Title The place of physiological sciences in medicine :
Remainder of title inaugural lecture delivered at the opening ceremony of the University of Lagos Medical School, on the 3rd of October 1962.
260 ## - PUBLICATION, DISTRIBUTION, ETC.
Place of publication, distribution, etc. [Lagos] :
Name of publisher, distributor, etc. Univeristy of Lagos,
Date of publication, distribution, etc. 1971.
490 1# - SERIES STATEMENT
Series statement Inaugural lecture series. Special number
650 #0 - SUBJECT ADDED ENTRY--TOPICAL TERM
Topical term or geographic name entry element Physiology.
Linkage S134.1
810 1# - SERIES ADDED ENTRY--CORPORATE NAME
Corporate name or jurisdiction name as entry element Lagos. University. Inaugural lectures series. Special number.
Subordinate unit Lagos. University. Inaugural lectures series. Special number.
Title of a work Lagos. University. Inaugural lectures series. Special number.
Name of part/section of a work Lagos. University. Inaugural lectures series. Special number.
Linkage S11864.1
949 ## - LOCAL PROCESSING INFORMATION (OCLC)
a QP71
w LC
i -12527
m MEDICAL
t BOOK
l ON-SHELF

No items available.

© 2026 - The University of Zambia Library - Koha v25.11